[Event "11. Lichtenberger Sommer"]
[Site "Berlin"]
[Date "2012.08.20"]
[Round "3.11"]
[White "Kornrumpf, Joachim"]
[Black "Brüdigam, Martin"]
[Result "1/2-1/2"]
[WhiteElo "2073"]
[BlackElo "2292"]
[PlyCount "91"]
[EventDate "2012.??.??"]
[WhiteTeam "Preetzer TSV"]
[BlackTeam "USV Potsdam e.V., Abt. Schach"]

1. b3 d5 2. e3 Nf6 3. Bb2 Bf5 4. Nf3 Nbd7 5. d3 c6 6. Nbd2 h6 7. Ne5 Nxe5 8.
Bxe5 Nd7 9. Bb2 e5 10. Be2 Bd6 11. e4 Bh7 12. O-O O-O 13. Bf3 Nb6 14. c4 Bb4
15. Nb1 dxc4 16. dxc4 Qe7 17. a3 Bc5 18. Qc2 a5 19. Nc3 Rfd8 20. Rfd1 Bd4 21.
Ne2 Bxb2 22. Qxb2 a4 23. Rxd8+ Rxd8 24. Nc3 axb3 25. Qxb3 Qc5 26. Na4 Nxa4 27.
Qxa4 f5 28. exf5 Bxf5 29. Qb4 Qd4 30. Rc1 e4 31. Be2 e3 32. Qe1 Qf4 33. Rc3
exf2+ 34. Qxf2 Qe5 35. Qe3 Qxe3+ 36. Rxe3 Kf7 37. Kf2 Re8 38. Rxe8 Kxe8 39. c5
Ke7 40. Ke3 Kf6 41. Kd4 Be6 42. a4 g6 43. a5 h5 44. h4 Kf5 45. g3 Bd5 46. Bd1
1/2-1/2

[Event "11. Lichtenberger Sommer"]
[Site "Berlin"]
[Date "2012.08.20"]
[Round "3.13"]
[White "Glantz, Robert"]
[Black "Amelang, Thomas"]
[Result "1/2-1/2"]
[WhiteElo "2282"]
[BlackElo "2140"]
[PlyCount "143"]
[EventDate "2012.??.??"]
[WhiteTeam "SC Kreuzberg e.V."]
[BlackTeam "SK Siemens München"]

1. e4 d6 2. d4 Nf6 3. Nc3 g6 4. f4 Bg7 5. Nf3 c5 6. Bb5+ Nfd7 7. dxc5 dxc5 8.
e5 O-O 9. O-O a6 10. Bd3 b5 11. Be4 Ra7 12. Be3 e6 13. Qe2 Rc7 14. Rad1 Qe7 15.
a4 f5 16. exf6 Nxf6 17. axb5 axb5 18. Bf2 Ba6 19. Bd3 c4 20. Be4 b4 21. Na4
Nxe4 22. Qxe4 Bb5 23. Nb6 Bc6 24. Qe3 Bxf3 25. Qxf3 Bxb2 26. Qe4 b3 27. Nxc4
bxc2 28. Qxc2 Bg7 29. Qe4 Qf6 30. Bb6 Rc6 31. Ba7 Qf5 32. Nd6 Qxe4 33. Nxe4 Na6
34. Rd7 Rc4 35. Ng5 Re8 36. Rd6 Nc7 37. Bb6 h6 38. Nh3 Nd5 39. Ba7 Ra4 40. Bc5
Bf8 41. Rc6 Rc4 42. Bxf8 Rxc6 43. Bxh6 Ne3 44. Re1 Ng4 45. Bg5 Rec8 46. Nf2 Rc1
47. Nd3 Rxe1+ 48. Nxe1 Rc1 49. Bh4 Rc4 50. h3 Ne3 51. Bg5 Ra4 52. Kf2 Nd5 53.
Kg3 Ra2 54. Kf3 Ra3+ 55. Kf2 Kg7 56. Nf3 Ra2+ 57. Kg3 Ne3 58. Nh4 Nf5+ 59. Kh2
Nxh4 60. Bxh4 Kf7 61. Kg3 Ra3+ 62. Kg4 Re3 63. Bg5 e5 64. fxe5 Rxe5 65. h4 Re4+
66. Kf3 Rb4 67. g4 Ke6 68. h5 gxh5 69. gxh5 Kf5 70. Be3 Rh4 71. Kg2 Rxh5 72.
Ba7 1/2-1/2

[Event "11. Lichtenberger Sommer"]
[Site "Berlin"]
[Date "2012.08.20"]
[Round "3.14"]
[White "Boetzer, Detlef"]
[Black "Meyer, Ulrich"]
[Result "1-0"]
[WhiteElo "2277"]
[BlackElo "2069"]
[PlyCount "67"]
[EventDate "2012.??.??"]
[WhiteTeam "SC Rotation Pankow e.V."]
[BlackTeam "Schachclub Sendenhorst e.V."]

1. c4 e5 2. Nc3 Nc6 3. Nf3 g6 4. g3 Bg7 5. Bg2 d6 6. O-O Be6 7. d3 h6 8. Rb1
Qd7 9. Re1 Nge7 10. b4 O-O 11. b5 Nd8 12. a4 c6 13. bxc6 bxc6 14. Ba3 f5 15.
Qb3 Rc8 16. Nd2 f4 17. Nce4 c5 18. Qb5 Ndc6 19. a5 Rb8 20. Qa4 Qc7 21. a6 Bd7
22. Nc3 Nd4 23. Nb5 Nxb5 24. cxb5 Be6 25. Rec1 fxg3 26. hxg3 Nf5 27. Bb2 Qf7
28. Rf1 h5 29. Nf3 Bh6 30. Bc3 Bd7 31. Qc4 Kg7 32. Nxe5 Qxc4 33. Nxc4+ Kh7 34.
b6 1-0

[Event "11. Lichtenberger Sommer"]
[Site "Berlin"]
[Date "2012.08.20"]
[Round "3.16"]
[White "Giemsa, Stephan"]
[Black "Heerde, Thomas"]
[Result "1-0"]
[WhiteElo "2261"]
[BlackElo "1969"]
[PlyCount "59"]
[EventDate "2012.??.??"]
[WhiteTeam "SK König Tegel 1949 e.V."]
[BlackTeam "SC Weisse Dame e.V."]

1. d4 Nf6 2. c4 g6 3. Nc3 Bg7 4. e4 d6 5. Bd3 O-O 6. Nge2 c5 7. d5 e6 8. h3
exd5 9. cxd5 Re8 10. O-O Na6 11. Ng3 Rb8 12. Nb5 Nc7 13. a4 a6 14. Nxc7 Qxc7
15. a5 Nd7 16. f4 c4 17. Bc2 c3 18. bxc3 Bxc3 19. Ra3 Bxa5 20. e5 b5 21. e6
fxe6 22. dxe6 Rxe6 23. f5 Rf6 24. Ne4 Bb7 25. Nxf6+ Nxf6 26. fxg6 Bc3 27. gxh7+
Kh8 28. Rxc3 Qxc3 29. Qxd6 Nxh7 30. Qxb8+ 1-0

[Event "11. Lichtenberger Sommer"]
[Site "Berlin"]
[Date "2012.08.20"]
[Round "3.17"]
[White "Albrecht, Rainer"]
[Black "Kapp, Martin"]
[Result "1/2-1/2"]
[WhiteElo "2110"]
[BlackElo "2215"]
[PlyCount "53"]
[EventDate "2012.??.??"]
[WhiteTeam "SC Kreuzberg e.V."]
[BlackTeam "TSV IFA Chemnitz"]

1. d4 e6 2. c4 Nf6 3. Nc3 d5 4. cxd5 exd5 5. Bg5 Bb4 6. e3 Nbd7 7. Bd3 c5 8.
Nge2 c4 9. Bc2 Qa5 10. O-O O-O 11. f3 Re8 12. Qd2 b5 13. a3 Be7 14. e4 Qb6 15.
Kh1 dxe4 16. fxe4 Bb7 17. Qf4 Nf8 18. Bxf6 Ng6 19. Qf2 Qxf6 20. Qxf6 Bxf6 21.
e5 Nh4 22. exf6 Bxg2+ 23. Kg1 Bxf1 24. Rxf1 g5 25. Ng3 Rab8 26. Nf5 Ng6 27. Nd6
1/2-1/2

[Event "11. Lichtenberger Sommer"]
[Site "Berlin"]
[Date "2012.08.20"]
[Round "3.19"]
[White "Kohler, Thomas"]
[Black "Fischöder, Heiko"]
[Result "1-0"]
[WhiteElo "2249"]
[BlackElo "1970"]
[PlyCount "31"]
[EventDate "2012.??.??"]
[WhiteTeam "SC Zitadelle Spandau 1977 e.V."]
[BlackTeam "Schachverein Unser Fritz Wanne-E"]

1. c4 e5 2. g3 Nc6 3. Nc3 f5 4. Bg2 Nf6 5. e3 d5 6. cxd5 Nb4 7. d3 Nfxd5 8.
Nxd5 Nxd5 9. Nf3 Bb4+ 10. Bd2 Bxd2+ 11. Qxd2 Qd6 12. O-O O-O 13. e4 Nf6 14. Qc3
fxe4 15. dxe4 Nxe4 16. Qc4+ 1-0

[Event "11. Lichtenberger Sommer"]
[Site "Berlin"]
[Date "2012.08.20"]
[Round "3.22"]
[White "Gräfe, Charly"]
[Black "Lauridsen, Jesper Morch"]
[Result "0-1"]
[WhiteElo "1950"]
[BlackElo "2249"]
[PlyCount "82"]
[EventDate "2012.??.??"]
[WhiteTeam "SF Friedrichshagen"]
[BlackTeam "Sydostfyn"]

1. Nf3 Nf6 2. e3 c5 3. b3 g6 4. Bb2 Bg7 5. Be2 O-O 6. O-O b6 7. Ne1 Qc7 8. f4
Bb7 9. Bf3 Nc6 10. d3 Rad8 11. Qe2 d5 12. Na3 e5 13. g3 Rfe8 14. c4 exf4 15.
gxf4 d4 16. e4 Qxf4 17. Bc1 Qe5 18. Ng2 a6 19. Bf4 Qe7 20. Bg3 Ne5 21. Rae1
Nfd7 22. Nf4 Nxf3+ 23. Rxf3 Ne5 24. Rff1 Qg5 25. Ng2 Rd7 26. Rf4 Qd8 27. Rff1
f5 28. Qd2 fxe4 29. dxe4 Ng4 30. Bh4 Qc7 31. Bg3 Qc6 32. Qf4 Ne5 33. Qd2 Nf7
34. Qf4 Be5 35. Qg4 Bxg3 36. Qxg3 Rxe4 37. Rxe4 Qxe4 38. Nf4 Ne5 39. Nh5 Qh1+
40. Kf2 Rf7+ 41. Nf4 Rxf4+ 0-1

[Event "11. Lichtenberger Sommer"]
[Site "Berlin"]
[Date "2012.08.20"]
[Round "3.23"]
[White "Vogel, Robert"]
[Black "Fischer, Daniel"]
[Result "1-0"]
[WhiteElo "2258"]
[BlackElo "2114"]
[PlyCount "59"]
[EventDate "2012.??.??"]
[WhiteTeam "SGem Pang/Rosenheim"]
[BlackTeam "SK Oberkirch"]

1. d4 d6 2. c4 g6 3. Nc3 Bg7 4. e4 Nc6 5. Be3 e5 6. d5 Nd4 7. Nge2 Nxe2 8. Bxe2
Ne7 9. Qd2 O-O 10. c5 f5 11. cxd6 cxd6 12. f3 f4 13. Bf2 g5 14. O-O-O Bd7 15.
Kb1 Qa5 16. Nb5 Qxd2 17. Rxd2 Bxb5 18. Bxb5 Rfd8 19. Rc1 a6 20. Rc7 Kf8 21. Bd7
b5 22. Rdc2 Rdb8 23. Be6 Bf6 24. Rd7 Rd8 25. Rcc7 Ke8 26. Rxd8+ Kxd8 27. Rd7+
Ke8 28. Rxd6 Ng6 29. Rb6 Nf8 30. Bf5 1-0

[Event "11. Lichtenberger Sommer"]
[Site "Berlin"]
[Date "2012.08.20"]
[Round "3.25"]
[White "Rietze, Clemens"]
[Black "Peschke, Uwe"]
[Result "1-0"]
[WhiteElo "2280"]
[BlackElo "2054"]
[PlyCount "37"]
[EventDate "2012.??.??"]
[WhiteTeam "USV Potsdam e.V., Abt. Schach"]
[BlackTeam "SC Empor Potsdam 1952 e.V."]

1. e4 d5 2. exd5 Qxd5 3. Nc3 Qa5 4. d4 Nf6 5. Bc4 c6 6. Qe2 Bf5 7. Bd2 e6 8.
O-O-O Nbd7 9. d5 cxd5 10. Nxd5 Qd8 11. Nxf6+ Qxf6 12. Bb5 O-O-O 13. Nf3 Ba3 14.
Qc4+ Kb8 15. Qb3 Bxc2 16. Kxc2 Nc5 17. Qxa3 Qf5+ 18. Kc1 Ne4 19. Bd3 1-0

[Event "11. Lichtenberger Sommer"]
[Site "Berlin"]
[Date "2012.08.20"]
[Round "3.28"]
[White "Berndt, Matthias"]
[Black "Baumert, Christian"]
[Result "1-0"]
[WhiteElo "2142"]
[BlackElo "2158"]
[PlyCount "47"]
[EventDate "2012.??.??"]
[WhiteTeam "SC Fulda"]
[BlackTeam "SG Lasker Steglitz-Wilmersdorf"]

1. e4 c6 2. d3 d5 3. Nd2 g6 4. g3 Bg7 5. Bg2 e6 6. Ngf3 Nd7 7. O-O Ne7 8. Re1
O-O 9. c3 b6 10. d4 Bb7 11. h4 c5 12. e5 Nc6 13. Nf1 Rc8 14. Bg5 Qc7 15. Qd2
Rce8 16. Bh3 Bc8 17. N1h2 f6 18. exf6 Nxf6 19. Bf4 Qd8 20. Ng5 cxd4 21. cxd4
Nxd4 22. Qxd4 e5 23. Rxe5 Bxh3 24. Nxh3 1-0

[Event "11. Lichtenberger Sommer"]
[Site "Berlin"]
[Date "2012.08.20"]
[Round "3.29"]
[White "Major, Vitalij"]
[Black "Strehlow, Horst"]
[Result "1-0"]
[WhiteElo "2147"]
[BlackElo "2074"]
[PlyCount "63"]
[EventDate "2012.??.??"]
[WhiteTeam "SC Zitadelle Spandau 1977 e.V."]
[BlackTeam "SC Friesen Lichtenberg e.V."]

1. d4 d5 2. c4 e6 3. Nc3 c6 4. Nf3 dxc4 5. a4 Bb4 6. e4 Nf6 7. e5 Nd5 8. Bd2
Bxc3 9. bxc3 b5 10. Qb1 Bd7 11. Be2 a5 12. Qc2 Na6 13. h4 Qb6 14. O-O h6 15.
Qa2 O-O 16. Rfb1 Nab4 17. cxb4 c3 18. bxa5 Rxa5 19. Be3 b4 20. Bc4 Rfa8 21. Qc2
Nxe3 22. fxe3 c5 23. Qxc3 Rxa4 24. Rxa4 Rxa4 25. Qd2 Bc6 26. Ne1 Be4 27. Bd3
Bc6 28. dxc5 Qxc5 29. Qc2 Qxe5 30. Qxc6 Qxe3+ 31. Kh1 g6 32. Bxg6 1-0

[Event "11. Lichtenberger Sommer"]
[Site "Berlin"]
[Date "2012.08.20"]
[Round "3.30"]
[White "Schmidt, Markus"]
[Black "Marxen, Peter"]
[Result "1-0"]
[WhiteElo "2051"]
[BlackElo "2140"]
[PlyCount "41"]
[EventDate "2012.??.??"]
[WhiteTeam "SK Turm Bad Hersfeld"]
[BlackTeam "Preetzer TSV"]

1. e4 c6 2. d4 d5 3. Nd2 dxe4 4. Nxe4 Bf5 5. Ng3 Bg6 6. Nf3 Nd7 7. h4 h6 8. h5
Bh7 9. Bd3 Bxd3 10. Qxd3 e6 11. Ne4 Ngf6 12. g3 Nxe4 13. Qxe4 Nf6 14. Qe2 Qd5
15. Bd2 Be7 16. c4 Qf5 17. O-O-O c5 18. d5 exd5 19. cxd5 O-O-O 20. Qxe7 Qxf3
21. Bf4 1-0

[Event "11. Lichtenberger Sommer"]
[Site "Berlin"]
[Date "2012.08.20"]
[Round "3.31"]
[White "Tiemer, Klaus"]
[Black "Welz, Peter"]
[Result "1/2-1/2"]
[WhiteElo "1963"]
[BlackElo "2140"]
[PlyCount "139"]
[EventDate "2012.??.??"]
[WhiteTeam "TSG Oberschöneweide e.V."]
[BlackTeam "SV Empor Berlin e.V."]

1. e4 e6 2. d4 d5 3. exd5 exd5 4. Bd3 Nc6 5. Ne2 Bd6 6. Nbc3 Nb4 7. Bf4 c6 8.
O-O Ne7 9. Re1 O-O 10. Bxd6 Qxd6 11. Ng3 Nxd3 12. Qxd3 Ng6 13. Nce2 f5 14. f3
f4 15. Nf1 Qf6 16. Kh1 Nh4 17. Ng1 g5 18. Re2 Nf5 19. c3 b6 20. Rae1 a5 21. Re5
Qh6 22. b3 a4 23. Qc2 axb3 24. axb3 Qg6 25. Qb1 Ba6 26. g4 fxg3 27. Nxg3 Nxg3+
28. hxg3 Bd3 29. Qb2 g4 30. Qd2 Rf5 31. Kg2 gxf3+ 32. Nxf3 Be4 33. R5xe4 dxe4
34. Nh4 e3 35. Rxe3 Qf7 36. Nxf5 Qxf5 37. Re5 Qf6 38. Qe2 Rf8 39. Re6 Qf5 40.
Re5 Qf6 41. c4 b5 42. cxb5 cxb5 43. b4 Kh8 44. d5 Rc8 45. Re8+ Rxe8 46. Qxe8+
Kg7 47. Qd7+ Kg6 48. Qc6 Kf5 49. Qxb5 Qd4 50. Qd7+ Kg5 51. Qe7+ Kg6 52. Qe6+
Kg5 53. d6 Qd2+ 54. Kf3 Qd1+ 55. Kg2 Qd2+ 56. Kh3 h5 57. Qe5+ Kg6 58. Qe4+ Kg7
59. Qe5+ Kg6 60. Qe6+ Kg5 61. d7 Qd1 62. Qe7+ Kf5 63. Qf8+ Kg6 64. Qe8+ Kf5 65.
Qf7+ Kg5 66. Qf4+ Kg6 67. Qe4+ Kh6 68. Kg2 Qxd7 69. Qf4+ Kg6 70. Qe4+ 1/2-1/2

[Event "11. Lichtenberger Sommer"]
[Site "Berlin"]
[Date "2012.08.20"]
[Round "3.32"]
[White "Harringer, Manfred"]
[Black "Krefenstein, Sergej"]
[Result "0-1"]
[WhiteElo "1900"]
[BlackElo "2062"]
[PlyCount "32"]
[EventDate "2012.??.??"]
[WhiteTeam "vereinslos"]
[BlackTeam "TuS Makkabi Berlin e.V."]

1. e4 c5 2. Nf3 e6 3. Nc3 Nc6 4. d3 g6 5. g3 Bg7 6. Bg2 Nge7 7. O-O O-O 8. Ne2
b6 9. c3 Ba6 10. Qc2 Rc8 11. Rd1 d6 12. a4 Qd7 13. Bf4 f5 14. c4 Nb4 15. Qb3
Nec6 16. exf5 Na5 0-1

[Event "11. Lichtenberger Sommer"]
[Site "Berlin"]
[Date "2012.08.20"]
[Round "3.33"]
[White "George, Tom"]
[Black "Elsing, Jan"]
[Result "0-1"]
[WhiteElo "1883"]
[BlackElo "2124"]
[PlyCount "90"]
[EventDate "2012.??.??"]
[WhiteTeam "SG Blau-Weiß Stadtilm"]
[BlackTeam "SC Friesen Lichtenberg e.V."]

1. Nc3 Nf6 2. e4 e5 3. Bc4 Nc6 4. f4 Nxe4 5. Bxf7+ Kxf7 6. Nxe4 d5 7. Ng5+ Kg8
8. d3 h6 9. N5f3 Bd6 10. fxe5 Nxe5 11. Nxe5 Bxe5 12. Nf3 Bg4 13. O-O Qd6 14. h3
Bh5 15. g4 Bg6 16. Nxe5 Qxe5 17. Qe1 Qd6 18. Bf4 Qc6 19. Qf2 h5 20. g5 Kh7 21.
Rae1 Rhe8 22. Re5 Rxe5 23. Bxe5 Re8 24. Re1 b6 25. Bc3 Rxe1+ 26. Qxe1 Qd7 27.
Qe5 c5 28. Kh2 d4 29. Be1 Qa4 30. Qe2 Qxa2 31. b3 b5 32. Bg3 c4 33. bxc4 bxc4
34. Qf2 cxd3 35. cxd3 Qd5 36. Qd2 a5 37. h4 a4 38. Qb2 Bxd3 39. Bf2 Qe5+ 40.
Kg1 a3 41. Qxd4 Qe2 42. Bg3 a2 43. Be5 Be4 44. Qf2 Qd1+ 45. Kh2 a1=Q 0-1

[Event "11. Lichtenberger Sommer"]
[Site "Berlin"]
[Date "2012.08.20"]
[Round "3.34"]
[White "Püschel, Werner"]
[Black "Baranowsky, Peter"]
[Result "1-0"]
[WhiteElo "2121"]
[BlackElo "1963"]
[PlyCount "51"]
[EventDate "2012.??.??"]
[WhiteTeam "SG Lasker Steglitz-Wilmersdorf"]
[BlackTeam "Sfrd. Berlin 1903 e.V."]

1. e4 e6 2. Qe2 c5 3. Nf3 Be7 4. g3 Nc6 5. Bg2 Nf6 6. c3 d5 7. e5 Nd7 8. O-O
O-O 9. h4 a6 10. d4 b5 11. Bg5 c4 12. a3 Bb7 13. Nbd2 Qb6 14. Kh2 a5 15. Bh3
Rfe8 16. Bxe7 Nxe7 17. h5 h6 18. Nh4 g5 19. hxg6 Nxg6 20. Qh5 Kh7 21. f4 Qd8
22. Ndf3 Qe7 23. f5 Nxh4 24. gxh4 Nf6 25. exf6 Qxf6 26. Ne5 1-0

[Event "11. Lichtenberger Sommer"]
[Site "Berlin"]
[Date "2012.08.20"]
[Round "3.35"]
[White "Paulsen, Dirk"]
[Black "Becker, Uwe"]
[Result "1-0"]
[WhiteElo "2374"]
[BlackElo "1817"]
[PlyCount "36"]
[EventDate "2012.??.??"]
[WhiteTeam "SG Lasker Steglitz-Wilmersdorf"]
[BlackTeam "SV Glück auf Rüdersdorf e.V."]

1. e4 d6 2. d4 Nf6 3. Nc3 g6 4. Be3 Bg7 5. f3 O-O 6. Qd2 a6 7. O-O-O c6 8. g4
Nbd7 9. Nge2 Qc7 10. h4 h5 11. Bh6 Nb6 12. Ng3 d5 13. e5 Nxg4 14. fxg4 Bxg4 15.
Be2 Bxe2 16. Ncxe2 Nc4 17. Qg5 e6 18. Bxg7 Kxg7 1-0

[Event "11. Lichtenberger Sommer"]
[Site "Berlin"]
[Date "2012.08.20"]
[Round "3.36"]
[White "Bandlow, Matthias"]
[Black "Petersen, Soren Boeck"]
[Result "1/2-1/2"]
[WhiteElo "1971"]
[BlackElo "2279"]
[PlyCount "30"]
[EventDate "2012.??.??"]
[WhiteTeam "SC Borussia Friedrichsfelde 1920"]
[BlackTeam "Damhus Skakklub"]

1. d4 d5 2. c4 dxc4 3. Nf3 Nf6 4. e3 e6 5. Bxc4 a6 6. O-O b5 7. Bd3 Bb7 8. Qe2
c5 9. dxc5 Nc6 10. Rd1 Qc7 11. a3 Bxc5 12. b4 Bd6 13. Bb2 Rd8 14. Nbd2 O-O 15.
Rac1 Be7 1/2-1/2

[Event "11. Lichtenberger Sommer"]
[Site "Berlin"]
[Date "2012.08.20"]
[Round "3.37"]
[White "Sieglen, Joachim"]
[Black "Räcke, Norbert"]
[Result "1-0"]
[WhiteElo "2281"]
[BlackElo "1835"]
[PlyCount "47"]
[EventDate "2012.??.??"]
[WhiteTeam "SC Untergrombach 46"]
[BlackTeam "Queer-Springer SSV Berlin"]

1. d4 Nf6 2. c4 g6 3. Nc3 Bg7 4. e4 d6 5. Nf3 O-O 6. Be2 e5 7. O-O Nc6 8. d5
Ne7 9. b4 Nh5 10. g3 f5 11. Ng5 Nf6 12. f3 f4 13. c5 fxg3 14. hxg3 h6 15. Ne6
Bxe6 16. dxe6 d5 17. Qb3 c6 18. Kg2 Qc8 19. Rh1 Kh7 20. Bb2 Qxe6 21. Rae1 Qf7
22. exd5 Nfxd5 23. Ne4 Nf5 24. Ng5+ 1-0

[Event "11. Lichtenberger Sommer"]
[Site "Berlin"]
[Date "2012.08.20"]
[Round "3.38"]
[White "Jahnz, Fabian"]
[Black "Jachym, Adam"]
[Result "0-1"]
[WhiteElo "2215"]
[BlackElo "1881"]
[PlyCount "71"]
[EventDate "2012.??.??"]
[WhiteTeam "SK König Tegel 1949 e.V."]
[BlackTeam "Spolem Opole"]

1. e4 e5 2. Nf3 Nc6 3. Bc4 Nf6 4. d3 Bc5 5. c3 d6 6. O-O O-O 7. Bb3 a6 8. h3
Ba7 9. Re1 Ne7 10. Nbd2 Ng6 11. Nf1 Nh5 12. d4 Nhf4 13. Ng3 Qe7 14. Kh2 Nh4 15.
Bxf4 exf4 16. Nh5 Nxf3+ 17. Qxf3 g5 18. e5 Bf5 19. Qxb7 Kh8 20. Qf3 c5 21. Rad1
cxd4 22. cxd4 Rab8 23. Nf6 Rb5 24. Nd5 Qd8 25. Nc3 Rb4 26. exd6 Qxd6 27. Re5
Bc8 28. Ne4 Qh6 29. Rxg5 Bb7 30. Qc3 Rxb3 31. axb3 Bxe4 32. Re5 Qg6 33. f3 Rg8
34. Rg1 Qg3+ 35. Kh1 Bxf3 36. Qd2 0-1

[Event "11. Lichtenberger Sommer"]
[Site "Berlin"]
[Date "2012.08.20"]
[Round "3.40"]
[White "Knopf, Roland"]
[Black "Heuser, Philip"]
[Result "0-1"]
[WhiteElo "1886"]
[BlackElo "2147"]
[PlyCount "54"]
[EventDate "2012.??.??"]
[WhiteTeam "SC Kreuzberg e.V."]
[BlackTeam "SG Heidelberg-Kirchheim"]

1. b3 e5 2. Bb2 Nc6 3. Nf3 d6 4. d4 g6 5. e3 Bg7 6. dxe5 Nge7 7. Bb5 O-O 8. Nc3
Nxe5 9. Nxe5 Bxe5 10. Na4 Bf5 11. Bxe5 dxe5 12. Bd3 Bxd3 13. Qxd3 Qxd3 14. cxd3
Rfd8 15. Ke2 b6 16. Rac1 c5 17. Nb2 Nd5 18. a3 Rd7 19. g3 Rad8 20. e4 Nc7 21.
b4 cxb4 22. axb4 Na6 23. b5 Nc7 24. Nc4 Rxd3 25. Nxe5 Rd2+ 26. Kf3 Nxb5 27. Nc6
Nd4+ 0-1

[Event "11. Lichtenberger Sommer"]
[Site "Berlin"]
[Date "2012.08.20"]
[Round "3.42"]
[White "Kapr, Klaus"]
[Black "Grassi, Fabrizio"]
[Result "1-0"]
[WhiteElo "2095"]
[BlackElo "1933"]
[PlyCount "153"]
[EventDate "2012.??.??"]
[WhiteTeam "SC Friesen Lichtenberg e.V."]
[BlackTeam "SV Berlin-Friedrichstadt"]

1. e4 d5 2. exd5 Nf6 3. c4 e6 4. dxe6 Bxe6 5. Be2 Nc6 6. Nf3 Bc5 7. O-O O-O 8.
Nc3 Bf5 9. d3 Nd4 10. Nxd4 Bxd4 11. Bg5 h6 12. Bxf6 Bxf6 13. Qc2 Qd7 14. Rad1
Rad8 15. Nd5 Bd4 16. Ne3 Bg6 17. Nd5 c6 18. Nf4 Bf5 19. Nh5 Bg6 20. Ng3 Rfe8
21. Rfe1 Kh7 22. Bh5 Rxe1+ 23. Rxe1 Bxh5 24. Nxh5 g6 25. Ng3 Bg7 26. Rd1 Re8
27. Qd2 c5 28. Kf1 Qd4 29. b3 Rd8 30. Ne2 Qd6 31. Qf4 Qd7 32. Qf3 Be5 33. Kg1
b6 34. h3 Kg7 35. Ng3 Bxg3 36. Qxg3 Qd4 37. Qe3 Qd6 38. f4 Qd4 39. Kf2 Rd6 40.
Qxd4+ Rxd4 41. Ke3 f5 42. b4 Rd6 43. bxc5 bxc5 44. Rb1 Re6+ 45. Kd2 Ra6 46. Rb2
Kf6 47. Ke3 Re6+ 48. Kf2 Rd6 49. Rb3 Ra6 50. a3 Ke6 51. Ke3 Ra4 52. Kd2 Kd6 53.
Kc3 Ra6 54. d4 cxd4+ 55. Kxd4 Ra4 56. Re3 Ra5 57. h4 g5 58. hxg5 hxg5 59. fxg5
f4 60. Rf3 Rxg5 61. Rxf4 Rxg2 62. Rf6+ Kc7 63. Kc5 Rg5+ 64. Kb4 Rg4 65. Kb5
Rg5+ 66. c5 Rg3 67. Rf7+ Kb8 68. a4 Rb3+ 69. Ka6 Rb4 70. Ka5 Rb7 71. Rxb7+ Kxb7
72. Kb5 a6+ 73. Kc4 Kc7 74. Kd5 Kd7 75. c6+ Kc8 76. Kc5 a5 77. Kb6 1-0

[Event "11. Lichtenberger Sommer"]
[Site "Berlin"]
[Date "2012.08.20"]
[Round "3.43"]
[White "Körner, Helmut"]
[Black "Schulz, Hartmut"]
[Result "1/2-1/2"]
[WhiteElo "1936"]
[BlackElo "2081"]
[PlyCount "75"]
[EventDate "2012.??.??"]
[WhiteTeam "Sfr.Nord-Ost Berlin"]
[BlackTeam "SC Rotation Pankow e.V."]

1. e4 c6 2. d4 d5 3. exd5 cxd5 4. Bd3 Nc6 5. c3 Nf6 6. Bf4 Bg4 7. Qb3 Na5 8.
Qc2 e6 9. Nd2 Bd6 10. Bxd6 Qxd6 11. Ngf3 Nc6 12. O-O Bh5 13. Rae1 Bg6 14. Ne5
Bxd3 15. Qxd3 Nd7 16. f4 f6 17. Nxd7 Kxd7 18. f5 e5 19. dxe5 Qc5+ 20. Kh1 Nxe5
21. Qg3 Qe7 22. Nb3 Rad8 23. Qe3 a6 24. Nc5+ Kc6 25. Ne6 Rd7 26. Nf4 Qc5 27.
Qxc5+ Kxc5 28. Re2 Kc6 29. Rd1 Rd6 30. h3 Rhd8 31. Ne6 R8d7 32. Kh2 h6 33. g4
b5 34. Kg3 Kb6 35. Nd4 Kc5 36. Ne6+ Kb6 37. Nd4 Kc5 38. Ne6+ 1/2-1/2

[Event "11. Lichtenberger Sommer"]
[Site "Berlin"]
[Date "2012.08.20"]
[Round "3.44"]
[White "Getzuhn, Detlef"]
[Black "Tahiri, Daut"]
[Result "1-0"]
[WhiteElo "1904"]
[BlackElo "2114"]
[PlyCount "163"]
[EventDate "2012.??.??"]
[WhiteTeam "SV Senat e.V."]
[BlackTeam "SK Tempelhof 1931 e.V."]

1. e4 c5 2. g3 Nc6 3. Bg2 e6 4. Nc3 Nf6 5. f4 d5 6. d3 dxe4 7. Nxe4 Be7 8. c3
O-O 9. Qc2 e5 10. Ne2 Qb6 11. h3 Be6 12. Nxf6+ Bxf6 13. Be3 Rac8 14. O-O Nd4
15. Qd2 Nxe2+ 16. Qxe2 exf4 17. Bxf4 Rfe8 18. Qf2 Rcd8 19. Be3 Qc7 20. d4 cxd4
21. cxd4 b6 22. b3 Qd7 23. Rac1 Bd5 24. Rfd1 Bxg2 25. Kxg2 Qd5+ 26. Kh2 Rd7 27.
Rc3 Rde7 28. Rdc1 h6 29. Rc8 Qe4 30. Rxe8+ Rxe8 31. Rc3 Rd8 32. Rc7 Re8 33. Rc3
a5 34. Qf4 Qb1 35. Qf2 Qd1 36. Rc2 Qd3 37. Bf4 Bxd4 38. Qd2 Qe4 39. Qg2 Qe1 40.
Rd2 Bc5 41. Rb2 Qa1 42. Rd2 Qb1 43. h4 Qf5 44. Qh3 Qf6 45. Qg4 Qc6 46. Re2 Rd8
47. Be5 Bf8 48. Bd4 b5 49. Rf2 Qd5 50. Bb6 Ra8 51. Be3 Kh8 52. Rd2 Qe5 53. Bd4
Qe6 54. Qxe6 fxe6 55. Bb6 a4 56. Rd7 Kh7 57. Bd4 Kg6 58. Rb7 axb3 59. axb3 b4
60. g4 Bd6+ 61. Kg2 Bf8 62. Be5 Ra5 63. h5+ Kg5 64. Bxg7 Bc5 65. Kf3 Bd6 66.
Bb2 Ra2 67. Rg7+ Kh4 68. Bf6+ Kh3 69. g5 hxg5 70. Rxg5 Ra8 71. h6 Kh2 72. h7
Rf8 73. h8=Q+ Rxh8 74. Bxh8 Be7 75. Rg2+ Kh1 76. Bd4 e5 77. Bxe5 Bd6 78. Bd4
Be5 79. Rg4 Bh2 80. Bf2 Bg3 81. Bxg3 Kg1 82. Re4 1-0

[Event "11. Lichtenberger Sommer"]
[Site "Berlin"]
[Date "2012.08.20"]
[Round "3.45"]
[White "Wirth, Heinz"]
[Black "Bandlow, Reinhard"]
[Result "1-0"]
[WhiteElo "1988"]
[BlackElo "1983"]
[PlyCount "97"]
[EventDate "2012.??.??"]
[WhiteTeam "SC Weisse Dame e.V."]
[BlackTeam "SV Bau-Union e.V."]

1. e4 c6 2. d4 d5 3. Nc3 dxe4 4. Nxe4 Nf6 5. Nxf6+ exf6 6. c3 Bd6 7. Bd3 Be6 8.
Ne2 Qc7 9. Qc2 Nd7 10. Bd2 c5 11. dxc5 Nxc5 12. Bb5+ Nd7 13. Nd4 O-O 14. O-O-O
Ne5 15. Be2 a6 16. Nxe6 fxe6 17. Qb3 Rfe8 18. Rhe1 b5 19. Be3 Rab8 20. Qc2 Rec8
21. Bd4 a5 22. Kb1 a4 23. f4 Nc6 24. Qe4 e5 25. Bf2 Ne7 26. Bg4 Rf8 27. Be6+
Kh8 28. f5 b4 29. c4 Bc5 30. Rd7 Qb6 31. Rxe7 Bxf2 32. Qg4 Rg8 33. Bxg8 Rxg8
34. Rd1 Bd4 35. Rd3 Qc5 36. Rh3 h6 37. Rd7 Qxc4 38. Qd1 b3 39. axb3 axb3 40.
Rxb3 Qa4 41. Rdb7 Kh7 42. Qh5 Bc5 43. Qf3 e4 44. Qc3 Ra8 45. Qxc5 Qa1+ 46. Kc2
Rd8 47. Rxg7+ Kh8 48. Rh7+ Kg8 49. Rg3+ 1-0

[Event "11. Lichtenberger Sommer"]
[Site "Berlin"]
[Date "2012.08.20"]
[Round "3.46"]
[White "Birkholz, Axel"]
[Black "Hahlbohm, Matthias"]
[Result "0-1"]
[WhiteElo "1882"]
[BlackElo "2065"]
[PlyCount "58"]
[EventDate "2012.??.??"]
[WhiteTeam "SV Trossingen"]
[BlackTeam "TSG Oberschöneweide e.V."]

1. e4 e6 2. d4 d5 3. Nc3 Nf6 4. Bg5 Be7 5. e5 Nfd7 6. h4 h6 7. Bxe7 Qxe7 8. Bd3
a6 9. Qg4 O-O 10. Rh3 f5 11. Qg6 c5 12. f4 Qf7 13. Qxf7+ Rxf7 14. dxc5 Nxc5 15.
O-O-O Nc6 16. h5 b5 17. Nf3 Ne4 18. Rg1 Rc7 19. Bxe4 fxe4 20. Nh4 b4 21. Ne2 a5
22. g4 Ba6 23. Rh2 Rac8 24. g5 hxg5 25. Rxg5 Bxe2 26. Rxe2 Nd4 27. Rh2 Rxc2+
28. Rxc2 Rxc2+ 29. Kb1 Rh2 0-1